Les films de boules de Noël (mort subite) - Statistiques

Statistiques générales
  • Ce quiz a été pris 41 fois
  • Le résultat moyen est 4 sur 12
Answers on the Grid
Answers color-coded by a green-red scale on the quiz's grid according to % correct below.
Tirer, c'est bon pour la santé
Premier poteau
Attention au bouchon !
Le boulodrome est toujours ouvert
Pelouse naturelle
La triplette était presque parfaite
Trois coups de sifflet
Les boules étaient vraiment près du but
Fanny paie à boire
800 grammes de bonheur
Cafouillage dans la surface
Une panne, ça plombe l'ambiance
Si ça pointe, c'est bon signe
Rétropissette
Les cochonnets, ça marche par 2
Une doublette au réveil
 
Statistiques - réponses
Réponse % Correct
Tirer, c'est bon pour la santé
53%
Fanny paie à boire
47%
Le boulodrome est toujours ouvert
47%
La triplette était presque parfaite
44%
Les boules étaient vraiment près du but
41%
Les cochonnets, ça marche par 2
41%
Une doublette au réveil
41%
Si ça pointe, c'est bon signe
34%
Attention au bouchon !
31%
Une panne, ça plombe l'ambiance
28%
800 grammes de bonheur
25%
Rétropissette
16%
Aucun quiz correspondant
Distribution des résultats
% des personnes avec chaque résultat
Percentile par nombre de réponses
Votre historique - résultats
Vous n’avez pas pris ce quiz